[Event "Titled Tuesday intern op 02nd Aug Early"]
[Site "Chess.com INT"]
[Date "2022.08.02"]
[Round "10"]
[White "Harmon Vellotti, Luke"]
[Black "Lobanov, Sergei"]
[Result "1/2-1/2"]
[WhiteElo "2408"]
[BlackElo "2531"]
[PlyCount "123"]
[EventDate "2022.08.02"]
[EventType "swiss (blitz)"]
[EventRounds "11"]
[EventCountry "USA"]
[SourceTitle "EXT 2023"]
[Source "ChessBase"]
[SourceDate "2022.10.05"]
[SourceVersion "1"]
[SourceVersionDate "2022.10.05"]
[SourceQuality "1"]

1. e4 e5 2. Nf3 Nc6 3. Bb5 a6 4. Ba4 Bc5 5. c3 Ba7 6. 0-0 Nge7 7. d4 Ng6 8. Be3 0-0 9. Nbd2 exd4 10. cxd4 d5 11. e5 Nce7 12. Bc2 Bf5 13. Re1 Qd7 14. Rc1 c6 15. Nb3 Rae8 16. Bg5 h6 17. Bd2 f6 18. exf6 Rxf6 19. Ne5 Nxe5 20. Rxe5 Bxc2 21. Qxc2 Nf5 22. Rxe8+ Qxe8 23. Qd3 Qh5 24. h3 Qh4 25. Bc3 Nd6 26. Rc2 Ne4 27. Be1 Bb8 28. Nc5 Qf4 29. g3 Qf5 30. Re2 Nxc5 31. Qxf5 Rxf5 32. dxc5 Re5 33. Kf1 Kf7 34. Bc3 Rxe2 35. Kxe2 g6 36. Ke3 Ke6 37. f4 h5 38. g4 hxg4 39. hxg4 Bc7 40. Kf3 Bd8 41. Ke3 b5 42. b4 Be7 43. Kf3 Bh4 44. Ke2 Bg3 45. Kf3 Bh4 46. Ke2 Bf6 47. Bxf6 Kxf6 48. Ke3 Ke6 49. Kd4 Kf6 50. Ke3 g5 51. f5 Ke5 52. Kd3 Kf6 53. Kd4 Kf7 54. Ke5 Kg7 55. f6+ Kf7 56. Kf5 d4 57. Ke4 Kxf6 58. Kxd4 Ke6 59. Ke4 Kf6 60. Kd4 Ke6 61. Ke4 Kf6 62. Kd4 1/2-1/2

[Event "Titled Tuesday intern op 02nd Aug Early"]
[Site "Chess.com INT"]
[Date "2022.08.02"]
[Round "8"]
[White "Itgelt, Khuyagtsogt"]
[Black "Harmon Vellotti, Luke"]
[Result "0-1"]
[WhiteElo "2184"]
[BlackElo "2408"]
[PlyCount "146"]
[EventDate "2022.08.02"]
[EventType "swiss (blitz)"]
[EventRounds "11"]
[EventCountry "USA"]
[SourceTitle "EXT 2023"]
[Source "ChessBase"]
[SourceDate "2022.10.05"]
[SourceVersion "1"]
[SourceVersionDate "2022.10.05"]
[SourceQuality "1"]

1. d4 Nf6 2. c4 e6 3. Nc3 Bb4 4. Qc2 0-0 5. e4 d5 6. e5 Ne4 7. Bd3 c5 8. Nge2 cxd4 9. Nxd4 Nd7 10. Nf3 Bxc3+ 11. bxc3 Ndc5 12. Be2 Qa5 13. Bb2 Na4 14. Ba3 Rd8 15. Bb4 Qb6 16. 0-0 Bd7 17. cxd5 exd5 18. Bd3 Rac8 19. Bxe4 dxe4 20. Qxe4 Nxc3 21. Bxc3 Rxc3 22. Rab1 Qc6 23. Qd4 Rc8 24. Qxa7 Rxf3 25. gxf3 Bh3 26. Qb6 Qxf3 27. Qxb7 Qg4+ 28. Kh1 Bxf1 29. Rxf1 h5 30. Rg1 Qe6 31. f4 Rd8 32. Qg2 g6 33. Qf3 Kf8 34. Qa3+ Kg7 35. Qf3 Kh6 36. Qe3 Kh7 37. Qf3 Qf5 38. Re1 Rd3 39. Qf2 Qg4 40. Rg1 Qf5 41. Re1 Qh3 42. Qg2 Qxg2+ 43. Kxg2 Rd2+ 44. Kg3 Rxa2 45. e6 fxe6 46. Rxe6 Ra3+ 47. Kg2 Kg7 48. Rc6 Kf7 49. h3 Rd3 50. Rb6 Re3 51. Ra6 Rb3 52. Rc6 Rb4 53. Ra6 Rxf4 54. Kg3 Rf5 55. Ra7+ Kf6 56. Ra6+ Kg5 57. h4+ Kh6 58. Ra3 Rb5 59. Rc3 Rb4 60. Ra3 Rb6 61. Rc3 Kg7 62. Rc7+ Kf6 63. Rc3 Re6 64. Ra3 Kf5 65. Ra5+ Re5 66. Ra3 Rd5 67. Rb3 Rd4 68. Rb5+ Ke6 69. Ra5 Rd3+ 70. Kf4 Kf6 71. Ra6+ Kg7 72. Ra4 Rh3 73. Kg5 Rg3+ 0-1

[Event "Titled Tuesday intern op 02nd Aug Early"]
[Site "Chess.com INT"]
[Date "2022.08.02"]
[Round "11"]
[White "Vivekananthan, Anish"]
[Black "Harmon Vellotti, Luke"]
[Result "0-1"]
[WhiteElo "2356"]
[BlackElo "2408"]
[PlyCount "174"]
[EventDate "2022.08.02"]
[EventType "swiss (blitz)"]
[EventRounds "11"]
[EventCountry "USA"]
[SourceTitle "EXT 2023"]
[Source "ChessBase"]
[SourceDate "2022.10.05"]
[SourceVersion "1"]
[SourceVersionDate "2022.10.05"]
[SourceQuality "1"]

1. d4 Nf6 2. Nf3 e6 3. c4 b6 4. g3 Bb7 5. Bg2 Be7 6. 0-0 0-0 7. Nc3 Ne4 8. Qc2 Nxc3 9. Qxc3 d6 10. Re1 c5 11. e4 Bf6 12. Qd3 Nc6 13. Be3 cxd4 14. Nxd4 Ne5 15. Qe2 Rc8 16. b3 a6 17. Rac1 Qc7 18. h3 Rfd8 19. Red1 Nd7 20. f4 Qb8 21. Bf2 Qa8 22. Re1 Be7 23. Kh2 Bf8 24. Rcd1 Nc5 25. Bf3 e5 26. Nf5 g6 27. Nh4 exf4 28. gxf4 Re8 29. e5 Bh6 30. Bg3 dxe5 31. fxe5 Ne6 32. Bxb7 Qxb7 33. Qe4 Qe7 34. Nf3 b5 35. cxb5 axb5 36. Re2 Rc3 37. Rf1 Rec8 38. Nd4 Nxd4 39. Qxd4 Rc2 40. Rff2 Rxe2 41. Rxe2 b4 42. Qd5 Qe6 43. Qxe6 fxe6 44. Kg2 Kf7 45. Bh4 g5 46. Be1 Bf8 47. Kf3 Be7 48. Ke4 h5 49. Kd3 Kg6 50. Ke4 Rf8 51. Bd2 Rf1 52. Rg2 Rh1 53. Rg3 h4 54. Rd3 Kh5 55. Kd4 g4 56. hxg4+ Kxg4 57. Kc4 h3 58. Bxb4 Rc1+ 59. Kb5 Bg5 60. Rd4+ Kf5 61. Bd2 Bxd2 62. Rxd2 Kg4 63. Rd4+ Kf3 64. Rh4 Kg3 65. Rh6 h2 66. a4 h1Q 67. Rxh1 Rxh1 68. a5 Re1 69. a6 Rxe5+ 70. Kb6 Re3 71. b4 Ra3 72. a7 e5 73. Kb7 e4 74. a8Q Rxa8 75. Kxa8 e3 76. b5 e2 77. b6 e1Q 78. b7 Qa5+ 79. Kb8 Kf4 80. Kc8 Qc5+ 81. Kd7 Qb6 82. Kc8 Qc6+ 83. Kb8 Ke5 84. Ka7 Qa4+ 85. Kb6 Qb4+ 86. Kc6 Qd6+ 87. Kb5 Qb8 0-1

[Event "Titled Tuesday intern op 02nd Aug Early"]
[Site "Chess.com INT"]
[Date "2022.08.02"]
[Round "9"]
[White "Zhigalko, Sergei"]
[Black "Harmon Vellotti, Luke"]
[Result "0-1"]
[WhiteElo "2572"]
[BlackElo "2408"]
[PlyCount "116"]
[EventDate "2022.08.02"]
[EventType "swiss (blitz)"]
[EventRounds "11"]
[EventCountry "USA"]
[SourceTitle "EXT 2023"]
[Source "ChessBase"]
[SourceDate "2022.10.05"]
[SourceVersion "1"]
[SourceVersionDate "2022.10.05"]
[SourceQuality "1"]

1. e4 e6 2. d4 d5 3. e5 c5 4. c3 Nc6 5. Nf3 Qb6 6. a3 c4 7. Nbd2 Na5 8. Be2 Bd7 9. 0-0 Ne7 10. h4 Qc7 11. h5 h6 12. Nh4 Nc8 13. f4 Nb6 14. f5 0-0-0 15. Bg4 exf5 16. Nxf5 Kb8 17. Qf3 Ka8 18. Rb1 Be6 19. Qh3 Qd7 20. Nf3 Be7 21. Nh2 Rdg8 22. Be3 Nc6 23. Rf2 Bd8 24. Rbf1 Nc8 25. Ng3 Qe8 26. Rxf7 Bxf7 27. Bxc8 Rf8 28. Bd7 Qe7 29. e6 Bg8 30. Nf5 Bxe6 31. Nxe7 Rxf1+ 32. Nxf1 Bxh3 33. Nxc6 Bxd7 34. Ne5 Be6 35. Ng6 Re8 36. Bf4 Bf7 37. Ne3 Bf6 38. Kf2 b6 39. Nf5 Re6 40. Kf3 Re1 41. Kf2 Rb1 42. Nd6 Rxb2+ 43. Kf3 Be6 44. Ne8 Bf7 45. Nxf6 gxf6 46. Bxh6 Rc2 47. Bd2 Rxd2 48. Nf4 Bxh5+ 49. Nxh5 Rd3+ 50. Kf4 Rxc3 51. Nxf6 Rxa3 52. Nxd5 Kb7 53. g4 c3 54. Ne3 Ra2 55. g5 c2 56. Nxc2 Rxc2 57. d5 Rg2 58. d6 Kc6 0-1

[Event "Titled Tuesday intern op1 4th Febr"]
[Site "Chess.com INT"]
[Date "2020.02.04"]
[Round "7"]
[White "Harmon Vellotti, Luke"]
[Black "Gahan, MG."]
[Result "1-0"]
[WhiteElo "2408"]
[BlackElo "2231"]
[PlyCount "49"]
[EventDate "2020.02.04"]
[EventType "swiss (blitz)"]
[EventRounds "10"]
[EventCountry "USA"]
[SourceTitle "EXT 2021"]
[Source "ChessBase"]
[SourceDate "2020.10.23"]
[SourceVersion "1"]
[SourceVersionDate "2020.10.23"]
[SourceQuality "1"]

1. e4 Nf6 2. e5 Nd5 3. d4 d6 4. c4 Nb6 5. exd6 exd6 6. Bd3 Be7 7. Ne2 Bf6 8. b3 c5 9. Bb2 Nc6 10. 0-0 0-0 11. Nd2 cxd4 12. Ne4 Bg4 13. f3 Bf5 14. Nxf6+ Qxf6 15. Bxf5 Qxf5 16. Nxd4 Qf6 17. Qd2 Ne5 18. Rac1 Rfd8 19. Nb5 d5 20. c5 Nbd7 21. f4 Qc6 22. Nd4 Qh6 23. Nf5 Qe6 24. fxe5 Nxe5 25. Qg5 1-0

[Event "Chicago op 28th"]
[Site "Chicago"]
[Date "2019.05.25"]
[Round "5"]
[White "Harmon Vellotti, Luke"]
[Black "Yanayt, Eugene"]
[Result "1-0"]
[WhiteElo "2421"]
[BlackElo "2263"]
[PlyCount "169"]
[EventDate "2019.05.23"]
[EventType "swiss"]
[EventRounds "9"]
[EventCountry "USA"]
[SourceTitle "CBM 190 Extra"]
[Source "ChessBase"]
[SourceDate "2019.07.15"]
[SourceVersion "1"]
[SourceVersionDate "2019.07.15"]
[SourceQuality "1"]

1. e4 c5 2. Nf3 d6 3. d4 cxd4 4. Nxd4 Nf6 5. Nc3 g6 6. Be3 Bg7 7. f3 Nc6 8. Qd2 0-0 9. 0-0-0 d5 10. Qe1 e5 11. Nxc6 bxc6 12. exd5 Nxd5 13. Bc4 Be6 14. Kb1 Rb8 15. Ne4 f5 16. Ng5 Bc8 17. Bb3 f4 18. Bc5 Qxg5 19. Bxf8 Kxf8 20. Qa5 Qe7 21. Rxd5 cxd5 22. Qxd5 Ke8 23. Rd1 Bd7 24. a4 Rd8 25. a5 Bf5 26. Ba4+ Bd7 27. Bb3 Qf6 28. Qb7 Qc6 29. Qxa7 Ra8 30. Bf7+ Ke7 31. Rxd7+ Qxd7 32. Qxa8 Kxf7 33. a6 Bf8 34. Qe4 Qb5 35. a7 Qf1+ 36. Ka2 Qa6+ 37. Kb3 Qb6+ 38. Kc4 Qxa7 39. Qxe5 Qa4+ 40. Kd3 Qa6+ 41. c4 Bd6 42. Qd5+ Kf6 43. b3 Qa3 44. Ke4 Qb4 45. Qd4+ Ke6 46. Qd5+ Ke7 47. Qg5+ Kd7 48. Qb5+ Qxb5 49. cxb5 Ke6 50. b6 Be5 51. b7 g5 52. h3 h5 53. b4 h4 54. b5 Bc7 55. Kd4 Bb6+ 56. Kc4 Ba7 57. b6 Bb8 58. Kc5 Be5 59. Kc4 Bd6 60. Kd4 Bb8 61. Kc5 Be5 62. Kc4 Kd7 63. Kd5 Bb8 64. Kc5 Ke6 65. Kc4 Kd6 66. Kd4 Kc6 67. Ke4 Kxb6 68. Kf5 Kxb7 69. Kxg5 Kc6 70. Kxh4 Kd5 71. Kg5 Kd4 72. h4 Ke3 73. h5 Kf2 74. h6 Be5 75. Kf5 Bc3 76. Kg4 Kxg2 77. h7 Be5 78. Kf5 Bh8 79. Kxf4 Kh3 80. Kg5 Kg3 81. f4 Kf3 82. f5 Ke4 83. f6 Ke5 84. f7 Bf6+ 85. Kg6 1-0

[Event "Bay Area op"]
[Site "Burlingame"]
[Date "2019.01.05"]
[Round "7"]
[White "Harmon Vellotti, Luke"]
[Black "Peng, Shunkai"]
[Result "1/2-1/2"]
[WhiteElo "2455"]
[BlackElo "2285"]
[PlyCount "69"]
[EventDate "2019.01.01"]
[EventType "swiss"]
[EventRounds "9"]
[EventCountry "USA"]
[SourceTitle "CBM 188 Extra"]
[Source "ChessBase"]
[SourceDate "2019.02.26"]
[SourceVersion "1"]
[SourceVersionDate "2019.02.26"]
[SourceQuality "1"]

1. e4 c6 2. d4 d5 3. Nc3 dxe4 4. Nxe4 Bf5 5. Ng3 Bg6 6. h4 h6 7. Nf3 Nd7 8. h5 Bh7 9. Bd3 Bxd3 10. Qxd3 e6 11. Bd2 Ngf6 12. 0-0-0 Qc7 13. Ne4 0-0-0 14. g3 Nc5 15. Nxc5 Bxc5 16. c4 Qe7 17. Rh4 Rhe8 18. Qc3 Bb6 19. b4 Bc7 20. Ne5 Nd7 21. Be3 f5 22. a3 Nxe5 23. dxe5 Rxd1+ 24. Kxd1 Bb6 25. Kc2 Rd8 26. Bxb6 axb6 27. Rd4 Qg5 28. Rxd8+ Qxd8 29. Qd3 Qxd3+ 30. Kxd3 Kd8 31. Kd4 Kd7 32. a4 Kc7 33. f3 Kd7 34. c5 b5 35. a5 1/2-1/2

[Event "Bay Area op"]
[Site "Burlingame"]
[Date "2019.01.03"]
[Round "4"]
[White "Harmon Vellotti, Luke"]
[Black "Williams, Justus D"]
[Result "0-1"]
[WhiteElo "2455"]
[BlackElo "2316"]
[PlyCount "120"]
[EventDate "2019.01.01"]
[EventType "swiss"]
[EventRounds "9"]
[EventCountry "USA"]
[SourceTitle "CBM 188 Extra"]
[Source "ChessBase"]
[SourceDate "2019.02.26"]
[SourceVersion "1"]
[SourceVersionDate "2019.02.26"]
[SourceQuality "1"]

1. e4 c5 2. Nf3 Nc6 3. d4 cxd4 4. Nxd4 g6 5. c4 Nf6 6. Nc3 d6 7. Be2 Nxd4 8. Qxd4 Bg7 9. 0-0 0-0 10. Qd3 Be6 11. Be3 a5 12. b3 Nd7 13. Rac1 Nc5 14. Qb1 Rc8 15. Rfd1 f5 16. exf5 Bxf5 17. Qb2 Ne4 18. Bd4 Bxd4 19. Rxd4 Nc5 20. Rcd1 Bd7 21. Qd2 Bc6 22. Qe3 Rb8 23. h4 Qe8 24. h5 gxh5 25. Nd5 e5 26. Rh4 Kh8 27. Rxh5 Rf7 28. Rh6 Qf8 29. Qh3 Qg7 30. Rh4 Bd7 31. Qg3 Qf8 32. Qh2 Rg7 33. Bd3 Nxd3 34. Rxd3 Qf5 35. Rd1 Rf8 36. Rf1 Rfg8 37. Ne3 Qf3 38. Kh1 Qe2 39. g3 Bc6+ 40. Kg1 Qf3 41. Rh3 Rf8 42. Rd1 Rgf7 43. Re1 Qxf2+ 44. Qxf2 Rxf2 45. Rf1 Rxf1+ 46. Nxf1 Rf3 47. Rh6 Rd3 48. Kf2 a4 49. Ke2 Rd4 50. Ne3 axb3 51. axb3 Be4 52. Rh4 Bd3+ 53. Kf3 Rxh4 54. gxh4 Kg7 55. Kg4 Kf6 56. Kf3 Ke6 57. Kg4 Kd7 58. b4 Kc6 59. Kg5 b5 60. cxb5+ Kxb5 0-1

[Event "Bay Area op"]
[Site "Burlingame"]
[Date "2019.01.01"]
[Round "1"]
[White "Kretchetov, Alexandre"]
[Black "Harmon Vellotti, Luke"]
[Result "1/2-1/2"]
[WhiteElo "2241"]
[BlackElo "2455"]
[PlyCount "65"]
[EventDate "2019.01.01"]
[EventType "swiss"]
[EventRounds "9"]
[EventCountry "USA"]
[SourceTitle "CBM 188 Extra"]
[Source "ChessBase"]
[SourceDate "2019.02.26"]
[SourceVersion "1"]
[SourceVersionDate "2019.02.26"]
[SourceQuality "1"]

1. Nf3 Nf6 2. c4 e6 3. Nc3 b6 4. e4 Bb7 5. Bd3 d6 6. Bc2 c5 7. d4 cxd4 8. Nxd4 Be7 9. 0-0 0-0 10. b3 Nc6 11. Ba3 Qd7 12. Nxc6 Qxc6 13. Qd3 Rfd8 14. Rad1 a6 15. Bb2 Qc7 16. Rfe1 g6 17. Qe2 Rac8 18. Bb1 Ne8 19. Rd3 Bf6 20. Red1 Bc6 21. Rh3 Bg7 22. a4 Qb7 23. Rg3 Rb8 24. b4 Qc8 25. Bc2 Ba8 26. Bb3 Qc7 27. Rgd3 Rbc8 28. Qd2 Bf6 29. f3 Qb8 30. Qf2 Rc7 31. Qd2 Rcc8 32. Qf2 Rc7 33. Qd2 1/2-1/2

[Event "PRO League KO Stage"]
[Site "Chess.com INT"]
[Date "2018.03.13"]
[Round "1"]
[White "Ju, Wenjun"]
[Black "Harmon Vellotti, Luke"]
[Result "0-1"]
[WhiteElo "2568"]
[BlackElo "2459"]
[PlyCount "112"]
[EventDate "2018.03.13"]
[EventType "team-k.o. (rapid)"]
[EventRounds "4"]
[EventCountry "USA"]
[SourceTitle "CBM 183 Extra"]
[Source "ChessBase"]
[SourceDate "2018.04.19"]
[SourceVersion "1"]
[SourceVersionDate "2018.04.19"]
[SourceQuality "1"]
[WhiteTeam "Chengdu Pandas"]
[BlackTeam "Dallas Destiny"]
[WhiteTeamCountry "CHN"]
[BlackTeamCountry "USA"]

1. d4 Nf6 2. c4 e6 3. Nf3 b6 4. g3 Bb7 5. Bg2 Be7 6. 0-0 0-0 7. Nc3 Ne4 8. Nxe4 Bxe4 9. Ne1 Bxg2 10. Nxg2 d5 11. Qc2 Nc6 12. Rd1 Nb4 13. Qb3 dxc4 14. Qxc4 c5 15. Be3 cxd4 16. Bxd4 Qc8 17. Qc3 Qxc3 18. Bxc3 Nd5 19. Bd4 Rfd8 20. Rac1 Rac8 21. e3 Rxc1 22. Rxc1 f6 23. Nf4 e5 24. Nxd5 Rxd5 25. Bc3 Kf7 26. Kf1 Ke6 27. Ke2 e4 28. Bd4 Kd7 29. f3 exf3+ 30. Kxf3 Bd6 31. g4 Ra5 32. a3 Rb5 33. Ke4 Ke6 34. Rc6 Kd7 35. Rc2 Rg5 36. h3 h5 37. Kf3 f5 38. gxf5 Rxf5+ 39. Ke4 Rg5 40. Rf2 Ke6 41. Rf3 Rg2 42. Rf5 g6 43. Rf6+ Ke7 44. Rf3 Ke6 45. Rf6+ Ke7 46. Rf3 g5 47. Rf5 g4 48. Rxh5 g3 49. Rg5 Rd2 50. Kf3 Rf2+ 51. Ke4 g2 52. Be5 Bxe5 53. Kxe5 Rxb2 54. h4 Kf7 55. h5 Rb5+ 56. Kf4 Rxg5 0-1

[Event "PRO League KO Stage"]
[Site "Chess.com INT"]
[Date "2018.03.13"]
[Round "1"]
[White "Yu, Yangyi"]
[Black "Harmon Vellotti, Luke"]
[Result "1-0"]
[WhiteElo "2760"]
[BlackElo "2459"]
[PlyCount "133"]
[EventDate "2018.03.13"]
[EventType "team-k.o. (rapid)"]
[EventRounds "4"]
[EventCountry "USA"]
[SourceTitle "CBM 183 Extra"]
[Source "ChessBase"]
[SourceDate "2018.04.19"]
[SourceVersion "1"]
[SourceVersionDate "2018.04.19"]
[SourceQuality "1"]
[WhiteTeam "Chengdu Pandas"]
[BlackTeam "Dallas Destiny"]
[WhiteTeamCountry "CHN"]
[BlackTeamCountry "USA"]

1. d4 Nf6 2. c4 e6 3. Nc3 Bb4 4. Nf3 b6 5. Qc2 Bb7 6. a3 Bxc3+ 7. Qxc3 0-0 8. e3 d6 9. Be2 Nbd7 10. 0-0 Ne4 11. Qc2 f5 12. Ne1 Qe7 13. b4 c5 14. f3 Nef6 15. Nd3 Rac8 16. dxc5 dxc5 17. Bb2 e5 18. Nf2 g6 19. Rfd1 Rfd8 20. Qb3 Nf8 21. Qc3 Rxd1+ 22. Rxd1 N8d7 23. b5 Re8 24. a4 a5 25. bxa6 Bxa6 26. a5 Qe6 27. Ra1 bxa5 28. Rxa5 Rb8 29. Bf1 Rb6 30. h3 h6 31. f4 Ne4 32. Nxe4 fxe4 33. fxe5 Rb4 34. Rxa6 Qxa6 35. e6 Rxb2 36. exd7 Rb8 37. Qe5 Qb6 38. Qxe4 Qf6 39. Qe8+ Qf8 40. Qxg6+ Qg7 41. Qb6 Qf8 42. Qc7 Rd8 43. Bd3 Qe7 44. Qg3+ Qg7 45. Qxg7+ Kxg7 46. Bf5 Kf6 47. g4 Ke7 48. Kf2 Rb8 49. h4 Kf6 50. Kf3 Ke5 51. e4 Rb3+ 52. Ke2 Rb8 53. g5 hxg5 54. hxg5 Rd8 55. Kd3 Rh8 56. Kc3 Rb8 57. Kc2 Rd8 58. Kb3 Ra8 59. Kb2 Rd8 60. Kc3 Rb8 61. Kd2 Rh8 62. Ke3 Rb8 63. g6 Kf6 64. Kf4 Ke7 65. e5 Rb2 66. g7 Rg2 67. Bg4 1-0

[Event "PRO League Stage"]
[Site "Chess.com INT"]
[Date "2018.03.07"]
[Round "9"]
[White "Khachiyan, Melikset"]
[Black "Harmon Vellotti, Luke"]
[Result "0-1"]
[WhiteElo "2522"]
[BlackElo "2468"]
[PlyCount "54"]
[EventDate "2018.01.18"]
[EventType "team-swiss (rapid)"]
[EventRounds "9"]
[EventCountry "USA"]
[SourceTitle "EXT 2019"]
[Source "ChessBase"]
[SourceDate "2018.10.10"]
[SourceVersion "1"]
[SourceVersionDate "2018.10.10"]
[SourceQuality "1"]
[WhiteTeam "Las Vegas Desert Rats"]
[BlackTeam "Dallas Destiny"]
[WhiteTeamCountry "USA"]
[BlackTeamCountry "USA"]

1. e4 c6 2. d4 d5 3. Nc3 dxe4 4. Nxe4 Bf5 5. Ng3 Bg6 6. h4 h6 7. Nf3 Nd7 8. h5 Bh7 9. Bd3 Bxd3 10. Qxd3 e6 11. Bd2 Ngf6 12. 0-0-0 Be7 13. Kb1 0-0 14. Ne4 c5 15. Be3 Nxe4 16. Qxe4 Nf6 17. Qxb7 Rb8 18. Qa6 Nd5 19. Bd2 Qc7 20. Ba5 Qd7 21. c4 Qa4 22. cxd5 Rb5 23. Qxa7 Rxa5 24. Qxe7 Rb8 25. Kc1 Qb4 26. Kc2 Rxa2 27. Kd3 c4+ 0-1

[Event "PRO League Stage"]
[Site "Chess.com INT"]
[Date "2018.02.07"]
[Round "5"]
[White "Harmon Vellotti, Luke"]
[Black "He, Anthony B"]
[Result "1-0"]
[WhiteElo "2468"]
[BlackElo "2246"]
[PlyCount "149"]
[EventDate "2018.01.18"]
[EventType "team-swiss (rapid)"]
[EventRounds "9"]
[EventCountry "USA"]
[SourceTitle "CBM 182 Extra"]
[Source "ChessBase"]
[SourceDate "2018.02.23"]
[SourceVersion "1"]
[SourceVersionDate "2018.02.23"]
[SourceQuality "1"]
[WhiteTeam "Dallas Destiny"]
[BlackTeam "Seattle Sluggers"]
[WhiteTeamCountry "USA"]
[BlackTeamCountry "USA"]

1. e4 c5 2. Nf3 Nc6 3. d4 cxd4 4. Nxd4 Nf6 5. Nc3 d6 6. Bg5 e6 7. Qd2 a6 8. 0-0-0 Bd7 9. f3 Be7 10. h4 h6 11. Be3 h5 12. Bg5 Ne5 13. Bd3 b5 14. Nce2 Rc8 15. Kb1 Qb6 16. Rhg1 a5 17. Rdf1 b4 18. g4 hxg4 19. fxg4 a4 20. h5 Nexg4 21. Rxg4 Nxg4 22. Bxe7 Rxh5 23. Qf4 Ne5 24. Bh4 Qc5 25. Be1 Rc7 26. Qg3 Rh7 27. Bd2 a3 28. Nb3 Qb6 29. Bc1 Nxd3 30. cxd3 e5 31. bxa3 bxa3 32. Bxa3 Ra7 33. Bb2 Be6 34. Nec1 Kf8 35. Rd1 Rh3 36. Qg1 Qb7 37. Qf2 Qa8 38. Rg1 f6 39. Qb6 Ra6 40. Qb4 Rh2 41. Rd1 Kg8 42. Rd2 Rh1 43. Kc2 Rc6+ 44. Bc3 d5 45. exd5 Bxd5 46. Kb2 Rc8 47. Qg4 Qc6 48. Rc2 Be6 49. Qg3 Qa8 50. d4 exd4 51. Bxd4 Rxc2+ 52. Kxc2 Qe4+ 53. Kc3 Qc6+ 54. Kb2 Bf5 55. Qc3 Qg2+ 56. Ka3 Rh3 57. Qc4+ Kh7 58. Qb5 Be6 59. Qe2 Qd5 60. Kb2 Bf5 61. Qf2 Qe4 62. Ka3 Be6 63. Kb2 Qc6 64. Bc5 Qc7 65. Qg1 Rh2+ 66. Ka1 Bf5 67. Qe3 Rh1 68. Kb2 Qh2+ 69. Ka3 Qb8 70. Qf3 Rxc1 71. Qxf5+ g6 72. Qd7+ Kh6 73. Nxc1 Qa8+ 74. Ba7 Qf3+ 75. Nb3 1-0

[Event "Titled Tuesday intern op 1st Aug"]
[Site "Chess.com INT"]
[Date "2017.08.01"]
[Round "2"]
[White "Bartholomew, John"]
[Black "Harmon Vellotti, Luke"]
[Result "0-1"]
[WhiteElo "2455"]
[BlackElo "2468"]
[PlyCount "78"]
[EventDate "2017.08.01"]
[EventType "swiss (blitz)"]
[EventRounds "10"]
[EventCountry "USA"]
[SourceTitle "EXT 2021"]
[Source "ChessBase"]
[SourceDate "2020.10.23"]
[SourceVersion "1"]
[SourceVersionDate "2020.10.23"]
[SourceQuality "1"]

1. d4 Nf6 2. c4 e6 3. Nc3 Bb4 4. e3 0-0 5. Bd3 d5 6. cxd5 exd5 7. Nf3 c5 8. 0-0 Nc6 9. dxc5 Bxc5 10. a3 Qe7 11. b4 Bb6 12. Bb2 Rd8 13. Nb5 Bg4 14. Be2 Ne4 15. Nfd4 Bxe2 16. Qxe2 Ne5 17. Nf5 Qf6 18. Nxg7 Qxg7 19. f4 Bxe3+ 20. Qxe3 Nc4 21. Qxe4 dxe4 22. Bxg7 Kxg7 23. f5 a6 24. Nc3 Rd4 25. f6+ Kg6 26. Rf4 Re8 27. Raf1 h5 28. Ne2 Rd2 29. Ng3 Ne3 30. R1f2 Rd1+ 31. Nf1 Nd5 32. g3 Nxf4 33. gxf4 e3 34. Re2 Kf5 35. Kg2 Kxf4 36. Ng3 h4 37. Nh5+ Kg5 38. Ng7 Re5 39. Kf3 Kxf6 0-1

[Event "Titled Tuesday intern op 1st Aug"]
[Site "Chess.com INT"]
[Date "2017.08.01"]
[Round "6"]
[White "Holt, Conrad"]
[Black "Harmon Vellotti, Luke"]
[Result "1-0"]
[WhiteElo "2565"]
[BlackElo "2468"]
[PlyCount "113"]
[EventDate "2017.08.01"]
[EventType "swiss (blitz)"]
[EventRounds "10"]
[EventCountry "USA"]
[SourceTitle "EXT 2021"]
[Source "ChessBase"]
[SourceDate "2020.10.23"]
[SourceVersion "1"]
[SourceVersionDate "2020.10.23"]
[SourceQuality "1"]

1. d4 Nf6 2. c4 e6 3. Nc3 Bb4 4. Qc2 0-0 5. a3 Bxc3+ 6. Qxc3 b6 7. Bg5 Bb7 8. e3 d6 9. Ne2 Nbd7 10. Qd3 e5 11. Nc3 exd4 12. Qxd4 h6 13. Bh4 Re8 14. Be2 Qe7 15. 0-0 Qe5 16. Qxe5 Rxe5 17. Nb5 Ne8 18. Rfd1 a6 19. Nd4 Nef6 20. h3 Ne4 21. Bg4 Nf8 22. f3 Nc5 23. b4 Nce6 24. Bf2 Nxd4 25. exd4 Re2 26. Bf5 Rae8 27. Bd3 R2e7 28. a4 Ne6 29. a5 bxa5 30. Rxa5 Nf4 31. Bf1 g5 32. d5 Re5 33. Kh2 Rb8 34. Bd4 Ree8 35. Bc3 Re3 36. Bd4 Rb3 37. Ra4 Bc8 38. Re1 Kf8 39. b5 axb5 40. cxb5 Nd3 41. Re3 Rb4 42. Rxb4 Nxb4 43. Bc4 Bb7 44. Ba7 Ra8 45. b6 cxb6 46. Bxb6 Bxd5 47. Be2 Be6 48. Re4 Nd5 49. Bf2 Ra2 50. Bg3 Nc3 51. Bxd6+ Kg8 52. Rxe6 fxe6 53. Bc4 Rd2 54. Bxe6+ Kh7 55. Bf5+ Kg8 56. Be6+ Kh7 57. Bb4 1-0

[Event "World op 45th"]
[Site "Philadelphia"]
[Date "2017.07.01"]
[Round "3"]
[White "Harmon Vellotti, Luke"]
[Black "Xiong, Jeffery"]
[Result "0-1"]
[WhiteElo "2449"]
[BlackElo "2658"]
[PlyCount "128"]
[EventDate "2017.06.29"]
[EventType "swiss"]
[EventRounds "9"]
[EventCountry "USA"]
[SourceTitle "CBM 179 Extra"]
[Source "ChessBase"]
[SourceDate "2017.08.23"]
[SourceVersion "1"]
[SourceVersionDate "2017.08.23"]
[SourceQuality "1"]

1. e4 e5 2. Nf3 Nc6 3. Bb5 Nf6 4. 0-0 Nxe4 5. d4 Nd6 6. dxe5 Nxb5 7. a4 d6 8. e6 fxe6 9. axb5 Nb4 10. Ng5 Be7 11. Qh5+ g6 12. Qh6 Bf8 13. Qh3 Qf6 14. Ra4 Nd5 15. Re4 e5 16. Qb3 h6 17. Qxd5 hxg5 18. Nc3 Be7 19. Qc4 Qf7 20. Qxc7 Qh7 21. h4 gxh4 22. Nd5 h3 23. g4 h2+ 24. Kh1 Qf7 25. Qxe7+ Qxe7 26. Nxe7 Kxe7 27. f3 Be6 28. Bg5+ Kd7 29. Bf6 Rhf8 30. g5 Rac8 31. c3 Rc5 32. Kxh2 Rxb5 33. Rf2 Rd5 34. f4 Rf7 35. fxe5 Rh7+ 36. Kg1 Rd1+ 37. Rf1 Rd2 38. Rd4 Rxd4 39. cxd4 d5 40. Rf2 Rh4 41. Rh2 Rxh2 42. Kxh2 Kc6 43. Be7 Kb5 44. b3 a5 45. Kg3 a4 46. bxa4+ Kxa4 47. Kf2 Kb3 48. Bc5 b5 49. Ke2 Kc3 50. Bb6 Bg4+ 51. Ke1 Kd3 52. Bc5 Ke3 53. Kf1 Kd2 54. Bb6 Bf5 55. Kf2 Kd3 56. Ke1 b4 57. Kd1 b3 58. Kc1 Kc3 59. Ba5+ Kxd4 60. Kb2 Kc4 61. Bd2 d4 62. Kc1 Kd3 63. Ba5 Ke2 64. Bb4 d3 0-1

[Event "Chicago op 26th"]
[Site "Chicago"]
[Date "2017.05.29"]
[Round "9"]
[White "Friedel, Joshua E"]
[Black "Harmon Vellotti, Luke"]
[Result "1-0"]
[WhiteElo "2528"]
[BlackElo "2449"]
[PlyCount "61"]
[EventDate "2017.05.25"]
[EventType "swiss"]
[EventRounds "9"]
[EventCountry "USA"]
[SourceTitle "CBM 178 Extra"]
[Source "ChessBase"]
[SourceDate "2017.06.22"]
[SourceVersion "1"]
[SourceVersionDate "2017.06.22"]
[SourceQuality "1"]

1. d4 Nf6 2. c4 e6 3. Nc3 Bb4 4. Nf3 b6 5. e3 Bb7 6. Bd3 Ne4 7. 0-0 Bxc3 8. bxc3 0-0 9. Nd2 Nxd2 10. Bxd2 d6 11. e4 c5 12. f4 Nc6 13. d5 Na5 14. f5 exf5 15. exf5 f6 16. Qh5 b5 17. cxb5 Bxd5 18. Rf4 c4 19. Be4 Qb6+ 20. Kh1 Bf7 21. Qh3 Rae8 22. Bf3 Qxb5 23. Rh4 Qb2 24. Rg1 h5 25. Bf4 Qf2 26. Bg3 Qd2 27. Bxh5 Bxh5 28. Rxh5 Kf7 29. Qg4 Rg8 30. Rd1 Qc2 31. Bxd6 1-0